000 00285nam a22001337a 4500
003 SGT
020 _a81-7027-644-9
082 _a302.23
_bGUP
100 _aGUPTA, V.S.
245 _aNATIONAL MEDIA POLICY
260 _aINDIA
_bCONCEPT PUB.
_c1996
300 _a176
942 _2ddc
_cBK
999 _c22112
_d22112